| 000 | 01283nam a22002777a 4500 | ||
|---|---|---|---|
| 005 | 20170124103054.0 | ||
| 010 | _aA-405903 | ||
| 020 | _c70.00 | ||
| 035 | _aA-405903 | ||
| 037 | _bCen Lib/Ret | ||
| 040 |
_aDPL _bHN |
||
| 082 |
_aक _bमलिक |
||
| 100 |
_aमलिक, सत्यवती _971458 |
||
| 245 |
_aनारी-हृदय की साध : सत्यवती मलिक की श्रेष्ठ रचनाएँ / _cसत्यवती मलिक; संपादक रणवीर रांग्रा |
||
| 246 |
_aNaari-hridaya ki saadh : satyavati malik ki shreshth rachnayen / _bby Satyavati Malik; sampadak Ranvir Rangra |
||
| 260 |
_aदिल्ली _bआर्य प्रकाशन मण्डल _c1990 |
||
| 270 |
_a9/221, मेन रोड गाँधी नगर _bदिल्ली _e110031 |
||
| 300 |
_a160पृ. _c21सेमी (सजिल्द) |
||
| 500 | _aपरिशिष्ट शामिल | ||
| 650 |
_aहिन्दी साहित्य _971459 |
||
| 650 |
_aकहानियां _971460 |
||
| 650 |
_aHindi literature _971461 |
||
| 650 |
_aStories _97500 |
||
| 700 |
_aरांग्रा, रणवीर _971462 |
||
| 942 |
_2ddc _cHN _hक _mमलिक |
||
| 999 |
_c117344 _d117344 |
||